000 00700nam a2200253Ia 4500
003 OSt
005 20220918223809.0
006 a|||||r|||| 00| 0
007 ta
008 220917b |||||||| |||| 00| 0 eng d
024 _a225,177
037 _cTextual
040 _aARTS
_cARTS
_beng
041 _2eng
_aeng
082 _aR694, M9;N9(Q4)
100 _aUpadhyaya Baladeva
_9146672
245 0 _aBuddha darsana mimamsa
260 _aVaranasi
_bChowkhamba vidyabhawan
_c1999
300 _a428p
_ccm.
490 _aVidyabhawan sanskrit granthmala
650 _aBUDDHIST PHILOSOPHY
942 _hR694, M9;N9(Q4)
_cTEXL
_2CC
999 _c279492
_d279492